Sports Quiz

Random Sports Quiz

Champion Hurdle Runners of the 1970s Quiz Stats

Quiz not verified by Sporcle

Challenge
Share
Tweet
Embed
Score 0/73 Timer 09:00
0 Plays Today
Year Horse % Correct
1977, 1978, 1979Sea Pigeon
92.9%
1976, 1977, 1978, 1979Birds Nest
90.5%
1977, 1978, 1979Monksfield
88.1%
1974, 1975, 1976Lanzarote
85.7%
1976, 1977, 1978Night Nurse
81%
1973, 1974, 1975, 1976Comedy Of Errors
78.6%
1970, 1971Persian War
76.2%
1971, 1972, 1973Bula
73.8%
1977, 1978, 1979Beacon Light
52.4%
1976, 1977, 1978Dramatist
52.4%
1973Captain Christy
28.6%
1973Easby Abbey
28.6%
1975, 1976Flash Imp
23.8%
1972Canasta Lad
19%
1978Decent Fellow
19%
1978, 1979Kybo
19%
1970, 1972Coral Diver
16.7%
1979Within The Law
16.7%
1979Connaught Ranger
14.3%
1975, 1976Tree Tangle
14.3%
1972Boxer
11.9%
1970Escalus
9.5%
1970, 1971Major Rose
9.5%
1977, 1978Master Monday
9.5%
1978Meladon
9.5%
1979Western Rose
9.5%
1974, 1975Calzado
7.1%
1977Flying Diplomat
7.1%
1972Lyford Cay
7.1%
1979Major Thompson
7.1%
1971Moyne Royal
7.1%
1975True Song
7.1%
1970Celtic Gold
4.8%
1974Moonlight Bay
4.8%
1977True Lad
4.8%
1975Ashendene
2.4%
1970Bobby Moore
2.4%
Year Horse % Correct
1971, 1972Dondieu
2.4%
1972, 1975Hardatit
2.4%
1972Kelanne
2.4%
1978Levaramoss
2.4%
1970Mugatpura
2.4%
1970Normandy
2.4%
1970Orient War
2.4%
1970Solomon II
2.4%
1975Supreme Halo
2.4%
1971, 1972Varma
2.4%
1974Yenisei
2.4%
1971Bowie's Brig
0%
1974Brantridge Farmer
0%
1973Brendon's Road
0%
1975Bumble Boy
0%
1970Colonel Imp
0%
1970Drumkill
0%
1972Flower Picker
0%
1972Garnishee
0%
1971Geologist
0%
1973Invincible
0%
1978Koiro Scott
0%
1971Lockversleigh
0%
1976Lord David
0%
1973Mon Plaisir
0%
1975Mr Straight
0%
1978Prominent King
0%
1975Psalm
0%
1975Ribosaint
0%
1979River Belle
0%
1970Scamp
0%
1974St Columbus
0%
1972St Patrick's Blue
0%
1970Tanlic
0%
1973True Luck
0%
1977Winter Melody
0%

You're not logged in!

Compare scores with friends on all Sporcle quizzes.
Join for Free
OR
Log In

You Might Also Like...

Show Comments

Extras

Top Quizzes Today


Score Distribution

Your Account Isn't Verified!

In order to create a playlist on Sporcle, you need to verify the email address you used during registration. Go to your Sporcle Settings to finish the process.

Report this User

Report this user for behavior that violates our Community Guidelines.

Details: